[Event "Ljubljana op"]
[Site "Ljubljana"]
[Date "2025.05.03"]
[Round "8"]
[White "Olenik Campa, Rudi"]
[Black "Musial, Tomasz"]
[Result "0-1"]
[WhiteElo "2306"]
[BlackElo "2199"]
[PlyCount "108"]
[EventDate "2025.04.28"]
[EventType "swiss"]
[EventRounds "9"]
[EventCountry "SLO"]
[SourceTitle "CB19_2025"]
[SourceDate "2025.05.07"]
[SourceVersion "1"]
[SourceVersionDate "2025.05.07"]
[SourceQuality "1"]

1. d4 e6 2. Nc3 Nf6 3. e4 d5 4. e5 Nfd7 5. f4 c5 6. Nf3 Nc6 7. Be3 cxd4 8. Nxd4 Qb6 9. a3 Bc5 10. Ncb5 Nxd4 11. Bxd4 0-0 12. b4 Bxd4 13. Qxd4 a5 14. Qxb6 Nxb6 15. Rb1 axb4 16. axb4 f6 17. exf6 gxf6 18. Kd2 e5 19. Re1 exf4 20. Bd3 Ra4 21. Kc3 Bd7 22. Re7 Rc8+ 23. Kb3 Rc4 24. Nd6 Raxb4+ 25. Ka3 Ra4+ 26. Kb2 Rc6 27. Nxb7 Ra7 28. Nd8 Nc4+ 29. Bxc4 Rxc4 30. Rd1 Rxc2+ 31. Kxc2 Bf5+ 32. Kd2 Rxe7 33. Nc6 Rg7 34. g3 fxg3 35. hxg3 Bd7 36. Nb4 Rxg3 37. Nxd5 Kf7 38. Rf1 Rd3+ 39. Kxd3 Bb5+ 40. Ke3 Bxf1 41. Kf4 Bc4 42. Nc3 Kg6 43. Ne4 h5 44. Ng3 Bd3 45. Nh1 f5 46. Ng3 h4 47. Nh1 Kf6 48. Nf2 Bf1 49. Nd1 h3 50. Nf2 Bg2 51. Kg3 Ke5 52. Nd3+ Ke4 53. Nc5+ Ke3 54. Ne6 Bf1 0-1

[Event "Krakow op-A 35th"]
[Site "Krakow"]
[Date "2025.01.03"]
[Round "8"]
[White "Dylong, Antoni"]
[Black "Musial, Tomasz"]
[Result "1/2-1/2"]
[WhiteElo "2217"]
[BlackElo "2168"]
[PlyCount "68"]
[EventDate "2024.12.27"]
[EventType "swiss"]
[EventRounds "9"]
[EventCountry "POL"]
[SourceTitle "CB02_2025"]
[SourceDate "2025.01.08"]
[SourceVersion "1"]
[SourceVersionDate "2025.01.08"]
[SourceQuality "1"]

1. d4 e6 2. e4 d5 3. Nc3 Nf6 4. e5 Nfd7 5. f4 c5 6. Nf3 Nc6 7. Be3 cxd4 8. Nxd4 Qb6 9. Qd2 Qxb2 10. Rb1 Qa3 11. Bb5 Nxd4 12. Bxd4 a6 13. Bxd7+ Bxd7 14. Rb3 Qe7 15. Rxb7 Rc8 16. Bf2 Qd8 17. Bb6 Qh4+ 18. g3 Qh3 19. Bd4 Bc6 20. Rb6 Be7 21. Qe2 0-0 22. Qf1 Qxf1+ 23. Rxf1 a5 24. Ke2 Bb4 25. Kd3 Rc7 26. Ne2 Rfc8 27. c3 Be7 28. Rfb1 Kf8 29. g4 Bd7 30. Rb7 Rxb7 31. Rxb7 Bc6 32. Rb1 Bd7 33. Rb7 Bc6 34. Rb1 Bd7 1/2-1/2

[Event "Krakow op-A 35th"]
[Site "Krakow"]
[Date "2025.01.02"]
[Round "7"]
[White "Musial, Tomasz"]
[Black "Kubik, Rafal"]
[Result "1-0"]
[WhiteElo "2168"]
[BlackElo "2114"]
[PlyCount "111"]
[EventDate "2024.12.27"]
[EventType "swiss"]
[EventRounds "9"]
[EventCountry "POL"]
[SourceTitle "CB02_2025"]
[SourceDate "2025.01.08"]
[SourceVersion "1"]
[SourceVersionDate "2025.01.08"]
[SourceQuality "1"]

1. e4 c5 2. Nf3 d6 3. d4 cxd4 4. Nxd4 Nf6 5. Nc3 g6 6. Be3 Bg7 7. f3 0-0 8. Qd2 Nc6 9. 0-0-0 d5 10. exd5 Nxd5 11. Nxc6 bxc6 12. Bd4 e5 13. Bc5 Re8 14. Ne4 Qc7 15. h4 f5 16. Nd6 Rd8 17. Nxc8 Raxc8 18. h5 Nb6 19. Bxb6 Rxd2 20. Bc4+ Kf8 21. Bxc7 Rxd1+ 22. Rxd1 Rxc7 23. hxg6 Bh6+ 24. Kb1 hxg6 25. Rd6 Kg7 26. b4 Bf4 27. Re6 Rb7 28. a3 a5 29. Kb2 axb4 30. a4 Ra7 31. Kb3 c5 32. Bb5 Kf7 33. Bc4 Kg7 34. Bb5 Kf7 35. Rb6 e4 36. fxe4 fxe4 37. Bc4+ Kg7 38. Re6 e3 39. Bb5 Kf7 40. Re4 g5 41. Kc4 Kf6 42. g4 Re7 43. Rxe7 Kxe7 44. Kxc5 Ke6 45. Bc4+ Kd7 46. Kxb4 e2 47. Bxe2 Bd2+ 48. Kb5 Kd6 49. Kc4 Ke5 50. Kc5 Bc3 51. Bc4 Bd4+ 52. Kc6 Bc3 53. Bg8 Kf4 54. Be6 Ke5 55. Bf5 Kd4 56. Kb6 1-0

[Event "Krakow op-A 35th"]
[Site "Krakow"]
[Date "2024.12.30"]
[Round "5"]
[White "Musial, Tomasz"]
[Black "Goluch, Piotr"]
[Result "1-0"]
[WhiteElo "2168"]
[BlackElo "2282"]
[PlyCount "113"]
[EventDate "2024.12.27"]
[EventType "swiss"]
[EventRounds "9"]
[EventCountry "POL"]
[SourceTitle "CB02_2025"]
[SourceDate "2025.01.08"]
[SourceVersion "1"]
[SourceVersionDate "2025.01.08"]
[SourceQuality "1"]

1. e4 c5 2. Nf3 d6 3. d4 cxd4 4. Nxd4 Nf6 5. Nc3 Nc6 6. Bg5 e6 7. Qd2 a6 8. 0-0-0 Bd7 9. f3 b5 10. Nxc6 Bxc6 11. Kb1 Be7 12. h4 h6 13. Be3 b4 14. Ne2 d5 15. Nd4 Bb7 16. e5 Nd7 17. f4 Nc5 18. f5 Ne4 19. Qe1 0-0 20. Bd3 Qc8 21. Bxe4 dxe4 22. f6 gxf6 23. Qg3+ Kh7 24. Qf4 Rh8 25. exf6 Bf8 26. g4 Rg8 27. g5 Bd5 28. Rdg1 Qb8 29. Qg4 Qe5 30. Qh5 Rg6 31. Qe2 Bc5 32. h5 Rxg5 33. Bxg5 Bxd4 34. Be3 Bxb2 35. Qg2 Qxf6 36. Rf1 Qc3 37. Rxf7+ Kh8 38. Bd4+ Qxd4 39. Qg6 Qg7 40. Rxg7 Bxg7 41. Rg1 Ra7 42. Qe8+ Kh7 43. Qg6+ Kh8 44. Rf1 a5 45. Rf7 Rxf7 46. Qxf7 e3 47. Qe8+ Kh7 48. Qg6+ Kh8 49. Qd3 a4 50. Qxe3 a3 51. Qd2 Bf8 52. Qd4+ Kg8 53. Qg4+ Kf7 54. Qf4+ Ke8 55. Qf6 Bc4 56. Qg6+ Ke7 57. Qe4 1-0